000 00395pab a2200157 454500
008 180718b2003 xxu||||| |||| 00| 0 eng d
100 _aPuri, Balraj
245 _aUlama's role in Indo-Pak amity
260 _c2003
300 _ap.10-11.
362 _a6 Sep
650 _aIndia - Foreign relations - Pakistan
650 _aInternational relations
773 _aYoung Indian
909 _a58071
999 _c58071
_d58071